| 000 | 01295nam a2200229Ia 4500 | ||
|---|---|---|---|
| 003 | Ost | ||
| 005 | 20260507075421.0 | ||
| 008 | 260507s9999||||xx |||||||||||||| ||und|| | ||
| 020 | _a978995797065 | ||
| 040 | _cfsecg | ||
| 041 | _aara | ||
| 082 | _a330 | ||
| 100 |
_aالسكارنة، بلال خلف _eمؤلف |
||
| 245 | 0 |
_aإ دارة الأزمات / _c بلال خلف السكارنة |
|
| 260 |
_aعمان: _bدار المسيرة, _c2015 |
||
| 300 |
_a488 صفحة؛ _bإيضاحات ؛ _c25 سم |
||
| 520 | _aيضم مفهوم إدارة الأزمات، تشخيصها وتحليلها، متطلبات إدارة الأزمات، استراتيجية إدارة الأزمات، نماذج من إدارة الأزمات، التخطيط لإدرة الازمات، خطة الطوارئ و الاخلاء، غرفة العمليات وإدارة الأزمات، الاعلام وأداة الازمات، مواقع التواصل الاجتماعي وإدارة الازمات، حالة دراسية لإدارة الأزمات، خطة الاستعداد والاخلاء في حالة مواجهة الطوارئ . | ||
| 653 | _aإدارة الأعمال | ||
| 653 | _aإدارة- أزمات | ||
| 653 | _aالأزمات الإقتصادية | ||
| 942 | _cكتاب | ||
| 999 |
_c44465 _d44465 |
||